000 00535cam a2200157 4500500
005 20260329003405.0
041 _afre
042 _adc
100 1 0 _aPersonne, Thomas
_eauthor
245 0 0 _aHistoire personnelle et philosophique des arts. L’Antiquité grecque
260 _c2015.
500 _a37
690 _aHistoire de l’art
786 0 _nPhilosophie magazine | 91 | 8 | 2015-07-01 | p. 58-58 | 1951-1787
856 4 1 _uhttps://shs.cairn.info/magazine-philosophie-magazine-2015-8-page-58?lang=fr&redirect-ssocas=7080
999 _c1824182
_d1824182